Horror Movie Franchises #17: Puppet Master - Statistics

General Stats
  • This quiz has been taken 14 times
  • The average score is 5 of 16
Answer Stats
Movie % Correct
Puppet Master
100%
Puppet Master II
64%
Puppet Master 4
45%
Curse of the Puppet Master
36%
Puppet Master: Axis of Evil
36%
Puppet Master III: Toulon’s Revenge
36%
Puppet Master vs. Demonic Toys
36%
Retro Puppet Master
36%
Puppet Master 5: The Final Chapter
27%
Puppet Master: The Legacy
27%
Bad Channels
18%
Demonic Toys
18%
Dollman
18%
Dollman vs. Demonic Toys
18%
Puppet Master X: Axis Rising
18%
Dangerous Toys
0%
No matching quizzes found
Score Distribution
Percent of People with Each Score
Percentile by Number Answered
Your Score History
You have not taken this quiz